Tno ideology test - Statistics

General Stats
  • This quiz has been taken 271 times
  • The average score is 6 of 15
Answer Stats
Question Answer % Correct
Mikhail Tukhachevsky Stratocratic Communism
73%
Svetlana Bukharina Left Communism
66%
Boris Yeltsin Paternalistic Conservatism
58%
Dmitry Likhachyov Agrarianism
56%
Robert F. Kennedy Eastern Progressivism
54%
Phyllis Schlafly Paleoconservatism
45%
Mikhail Gorbachev Left-Wing Agrarianism
39%
Yevgeny Dragunov Market Liberalism
39%
Barry Goldwater Natural Conservatism
39%
Kaya Okinori Managerial State
33%
Herbert Backe Agrarian Spartanism
30%
Enrico Berlinguer Neocommunism
30%
Morita Akio Corporate Paternalism
28%
Dietrich von Saucken Aristocratic Conservatism
20%
Amintore Fanfani Christian Liberalism
19%
No matching quizzes found
Score Distribution
Percent of People with Each Score
Percentile by Number Answered
Your Score History
You have not taken this quiz